Spracovanie prirodzeného jazyka neurónovými sieťami

Salvato in:
Dettagli Bibliografici
Autore principale: Schnürer, Martin (Autore)
Altri autori: Šajgalík, Márius (Relatore della tesi)
Natura: Manoscritto Libro
Lingua:slovacco
Pubblicazione: 2017
Soggetti:
Accesso online:http://is.stuba.sk/zp/portal_zp.pl?podrobnosti=115702
Tags: Aggiungi Tag
Nessun Tag, puoi essere il primo ad aggiungerne!!

MARC

LEADER 00000ntm a22000003a 4500
001 stuzp64493
003 SK-STU
005 20170624213454.6
007 ta
008 150427s2015----xo-----f-mn---000-0-slo-d
040 |a STU  |b slo 
041 0 |a slo 
100 1 |a Schnürer, Martin  |u 070200  |4 aut  |U FIIT Fakulta informatiky a informačných technológií  |T FIIT Ústav informatiky, informačných systémov a softvérového inžinierstva  |X 74227  |U I200  |Y 179  |7 74227 
242 0 1 |a Natural language processing with neural network  |y eng 
245 1 0 |a Spracovanie prirodzeného jazyka neurónovými sieťami 
260 |c 2017 
650 4 |a neurónové siete  |2 slo 
650 4 |a slovné druhy  |2 slo 
650 4 |a predikcia  |2 slo 
650 4 |a neural network  |2 eng 
650 4 |a prediction  |2 eng 
650 4 |a pos-tagging  |2 eng 
700 1 |a Šajgalík, Márius  |4 ths  |X 47919  |7 47919 
856 4 |u http://is.stuba.sk/zp/portal_zp.pl?podrobnosti=115702 
996 |c I*BAP215/17  |l II680  |s P  |a 0  |w stuzp64493_0001